| 000 | 00629nam a2200229 a 4500 | ||
|---|---|---|---|
| 001 | 18829 | ||
| 003 | CO-ViMGA | ||
| 008 | 141112s2004 ck r 000 u spa d | ||
| 020 | _a9583008575 | ||
| 040 |
_aCO-ViMGA _bspa _cCO-ViMGA |
||
| 082 | 0 | 4 | _a573.21 B177 |
| 100 | 1 |
_aBarrera, Luis Alejandro _926871 |
|
| 245 | 1 | 0 | _aEl Genoma Humano |
| 260 |
_aBogotá : _bPanAméricana Editorial; 2001 |
||
| 300 | _a268 p. | ||
| 590 | _aForma de adquisición : Premio Mincultura | ||
| 650 | 1 | 4 |
_aCLONACION _98486 |
| 650 | 1 | 4 |
_aCROMOSOMAS HUMANOS _926872 |
| 650 | 1 | 4 |
_aGENética HUMANA _949187 |
| 650 | 1 | 4 | _aGENOMA HUMANO |
| 942 |
_2ddc _cBK |
||
| 999 |
_c28058 _d28058 |
||